Practical reliability engineering
Uloženo v:
| Hlavní autoři: | , |
|---|---|
| Médium: | Kniha |
| Jazyk: | angličtina |
| Vydáno: |
Hoboken
Wiley
2012
|
| Vydání: | 5a. ed |
| Témata: | |
| Tagy: |
Přidat tag
Žádné tagy, Buďte první, kdo vytvoří štítek k tomuto záznamu!
|
MARC
| LEADER | 00000cam a2200000 a 4500 | ||
|---|---|---|---|
| 001 | UCE5608 | ||
| 003 | CL-VaPUC | ||
| 008 | 150123e20120000us |||||||||||||||||eng|d | ||
| 020 | |a 9780470979822 | ||
| 020 | |a 9780470979815 | ||
| 082 | 0 | 4 | |a 620.00452 |b OCO |2 21 |
| 100 | |a O'Connor, Patrick D. T. |e author |9 578266 | ||
| 700 | 0 | |a Kleyner, Andre |e author |9 578267 | |
| 245 | 1 | 0 | |a Practical reliability engineering |
| 250 | |a 5a. ed | ||
| 300 | |a 484 p | ||
| 942 | |c BK | ||
| 945 | |d 20150123 15:06:00 |a arojas | ||
| 260 | |a Hoboken |b Wiley |c 2012 | ||
| 650 | 0 | |a Ingeniería |9 259380 | |
| 650 | 7 | |a CONFIABILIDAD |2 CL-VaPUC |9 373011 | |
| 650 | 7 | |a CONFIABILIDAD INGENIERIA |2 CL-VaPUC |9 306237 | |
| 583 | |a last modification |c 20150326 12:26:21 |k Rodrigo Vera | ||
| 999 | |c 358269 |d 358267 | ||
| 952 | |0 0 |1 0 |2 ddc |3 erb |4 0 |6 620_004520000000000_OCO_2012 |7 0 |8 A |9 466882 |a BIBING |b BIBING |c RES |i 5136172 |o 620.00452 OCO 2012 |p 5136172 |r 2025-01-20 |w 2019-11-23 |y BK |z Catalogado en:20150123 |k EII | ||